ARRUPE JESUIT UNIVERSITY

CORONAVIRUS -STOP THE SPREAD - CLEAN,DISINFECT,COVER

The gospel of the family / (Record no. 126663)

MARC details
000 -LEADER
fixed length control field 02016cam a22003977i 4500
001 - CONTROL NUMBER
control field 18065792
003 - CONTROL NUMBER IDENTIFIER
control field ARRUPE
005 - DATE AND TIME OF LATEST TRANSACTION
control field 20170816095634.0
008 - FIXED-LENGTH DATA ELEMENTS--GENERAL INFORMATION
fixed length control field 140313t20142014nyu b 000 0 eng d
010 ## - LIBRARY OF CONGRESS CONTROL NUMBER
LC control number 2014935634
020 ## - INTERNATIONAL STANDARD BOOK NUMBER
International Standard Book Number 0809149087 (paperback)
020 ## - INTERNATIONAL STANDARD BOOK NUMBER
International Standard Book Number 9780809149087 (paperback)
020 ## - INTERNATIONAL STANDARD BOOK NUMBER
Cancelled/invalid ISBN 9781587684524 (e-book)
035 ## - SYSTEM CONTROL NUMBER
System control number (OCoLC)ocn877916391
040 ## - CATALOGING SOURCE
Original cataloging agency YDXCP
Transcribing agency YDXCP
Description conventions rda
Modifying agency GGN
-- BTCTA
-- JES
-- OCLCO
-- BDX
-- CDX
-- MNJ
-- OCLCO
-- DLC
041 1# - LANGUAGE CODE
Language code of text/sound track or separate title eng
Language code of original and/or intermediate translations of text und
042 ## - AUTHENTICATION CODE
Authentication code lccopycat
050 00 - LIBRARY OF CONGRESS CALL NUMBER
Classification number BX2351
Item number .K2713 2014
082 04 - DEWEY DECIMAL CLASSIFICATION NUMBER
Classification number 230/.2
300 ## - PHYSICAL DESCRIPTION
Dimensions 17 cm
100 1# - MAIN ENTRY--PERSONAL NAME
Personal name Kasper, Walter,
Dates associated with a name 1933-
9 (RLIN) 34783
245 14 - TITLE STATEMENT
Title The gospel of the family /
Statement of responsibility, etc Cardinal Walter Kasper ; translated by William Madges.
260 ## - PUBLICATION, DISTRIBUTION, ETC. (IMPRINT)
Place of publication, distribution, etc New York
Name of publisher, distributor, etc Paulist Press
Date of publication, distribution, etc 2014
300 ## - PHYSICAL DESCRIPTION
Extent viii, 53 pages ;
500 ## - GENERAL NOTE
General note Contains the lecture of the same title given at the invitation of Pope Francis before the extraordinary Consistory of Cardinals on February 20 and 21, 2014, in Rome. This is part of the preparation for the upcoming Synod on the Family.
504 ## - BIBLIOGRAPHY, ETC. NOTE
Bibliography, etc Includes bibliographical references.
505 0# - FORMATTED CONTENTS NOTE
Formatted contents note Introduction. Discovering the gospel of the family anew -- The family in the order of creation -- Structures of sin in the life of the family -- The family in the Christian order of salvation -- The family as domestic church -- Concerning the problem of the divorced and remarried -- Conclusion -- Excursus 1. Implicit faith -- Excursus 2. The praxis of the early church.
610 20 - SUBJECT ADDED ENTRY--CORPORATE NAME
Corporate name or jurisdiction name as entry element Catholic Church
General subdivision Doctrines.
9 (RLIN) 34784
650 #0 - SUBJECT ADDED ENTRY--TOPICAL TERM
Topical term or geographic name as entry element Families
General subdivision Religious aspects
-- Catholic Church.
9 (RLIN) 7725
650 #0 - SUBJECT ADDED ENTRY--TOPICAL TERM
Topical term or geographic name as entry element Church work with families
General subdivision Catholic Church.
9 (RLIN) 34785
650 #0 - SUBJECT ADDED ENTRY--TOPICAL TERM
Topical term or geographic name as entry element Marriage
General subdivision Religious aspects
-- Catholic Church.
9 (RLIN) 34786
700 1# - ADDED ENTRY--PERSONAL NAME
Personal name Madges, William,
Dates associated with a name 1952-
Relator term translator.
9 (RLIN) 34787
906 ## - LOCAL DATA ELEMENT F, LDF (RLIN)
a 7
b cbc
c copycat
d 2
e ncip
f 20
g y-gencatlg
942 ## - ADDED ENTRY ELEMENTS (KOHA)
Source of classification or shelving scheme Library of Congress Classification
Koha item type Monograph ( Printed materials)
Holdings
Withdrawn status Lost status Source of classification or shelving scheme Damaged status Not for loan Collection code Home library Current library Shelving location Date acquired Total Checkouts Full call number Barcode Date last seen Price effective from Koha item type
    Library of Congress Classification     Main Collection ARRUPE LIBRARY ARRUPE LIBRARY Main Collection 16/08/2017   BX2351 .K2713 2014 46500024766 22/11/2017 16/08/2017 Monograph ( Printed materials)

 

Arrupe Library. PO Box MP320 Mt Pleasant, Harare, Zimbabwe
263 242 745411|librarian@aju.ac.zw